000 00574nam a2200205Ia 4500
003 GCL
008 140319s9999 xx 000 0 eng d
040 _aGCL /
_cGCL
082 0 4 _a193
_bL N
100 1 _aLEIBNIZ, GOTTFRIED WHILHELM
245 1 0 _aNOUVEAUX ESSAIS SUR L'ENTENDEMENT HUMAIN /
_cLEIBNIZ, GOTTFRIED WHILHELM
260 _a[S.N] :
_bGF - FLAMMARION ،
_c1995
300 _a441 P
650 0 4 _aPHILOSOPHY
650 0 4 _aGERMAN PHILOSOPHY
650 0 4 _aLEIBNIZ ( PHILOSOPHER )
650 0 4 _aGERMAN PHILOSOPHERS
650 0 4 _aLEIBNIZ, G.W
942 _2ddc
_cBK
999 _c16271
_d16271